000 00352nam a22001331a 4500
082 _aM 398.2
_bRAG/V
100 _aRaghava Warier
_965261
245 _aVadakkan pattukalute paniyala/
_cby Raghava Warier
250 _a2nd.ed.
260 _aEdappal:
_bVallathol Vidyapeetham,
_c1996.
300 _a132p.
650 _aFolk Songs Study
_965262
942 _cBK
999 _c48657
_d48657